Memoirs of Williams Hickey (Record no. 415048)
[ view plain ]
| 000 -LEADER | |
|---|---|
| fixed length control field | 00334cam a22001097a 4500 |
| 008 - FIXED-LENGTH DATA ELEMENTS--GENERAL INFORMATION | |
| fixed length control field | 180718b xxu||||| |||| 00| 0 eng d |
| 082 ## - DEWEY DECIMAL CLASSIFICATION NUMBER | |
| Classification number | A99 H526/1 |
| 245 ## - TITLE STATEMENT | |
| Title | Memoirs of Williams Hickey |
| Statement of responsibility, etc. | edited by Alfred Spencer |
| 260 ## - PUBLICATION, DISTRIBUTION, ETC. | |
| Place of publication, distribution, etc. | London |
| Name of publisher, distributor, etc. | Hurt & Blackett |
| Date of publication, distribution, etc. | |
| 500 ## - GENERAL NOTE | |
| General note | v1, 347p; v2, 406p; v3, 403p; v4 512p; |
| 700 ## - ADDED ENTRY--PERSONAL NAME | |
| Personal name | Spencer, Alfred,ed. |
| Withdrawn status | Lost status | Damaged status | Not for loan | Permanent Location | Current Location | Date acquired | Full call number | Barcode | Date last seen | Price effective from | Koha item type |
|---|---|---|---|---|---|---|---|---|---|---|---|
| Indian Institute of Public Administration | Indian Institute of Public Administration | 2009-03-02 | A99 H526/1 | 5992 | 2018-07-21 | 2018-07-21 | Book | ||||
| Indian Institute of Public Administration | Indian Institute of Public Administration | 2009-03-02 | A99 H526/1 | 5991 | 2018-07-21 | 2018-07-21 | Book | ||||
| Indian Institute of Public Administration | Indian Institute of Public Administration | 2009-03-02 | A99 H526/1 | 5990 | 2018-07-21 | 2018-07-21 | Book | ||||
| Indian Institute of Public Administration | Indian Institute of Public Administration | 2009-03-02 | A99 H526/1 | 5989 | 2018-07-21 | 2018-07-21 | Book |
